Statistics for Klubber I Superligaen 2020 Quiz

Click here to take the quiz!

General Stats

  • This quiz has been taken 194 times
  • The average score is 10 of 14

Answer Stats

Klub% Correct
F.C. København
99%
AaB
95%
FC Midtjylland
92%
Brøndby IF
91%
OB
86%
AGF
84%
Randers FC
69%
Lyngby Boldklub
68%
FC Nordsjælland
66%
Silkeborg IF
63%
AC Horsens
62%
SønderjyskE
62%
Hobro IK
53%
Esbjerg fB
51%

Score Distribution

Percentile by Number Answered

Percent of People with Each Score

Your Score History

You have not taken this quiz